The late George Apley, (Record no. 553364)
[ view plain ]
| 000 -LEADER | |
|---|---|
| fixed length control field | 00535cam a2200169u 4500 |
| 082 ## - DEWEY DECIMAL CLASSIFICATION NUMBER | |
| Classification number | 82.3 |
| Author Mark | MAR |
| 100 1# - MAIN ENTRY--PERSONAL NAME | |
| Personal name | Marquand, John P. |
| 9 (RLIN) | 49923 |
| 245 14 - TITLE STATEMENT | |
| Title | The late George Apley, |
| Remainder of title | a novel in the form of a memoir, |
| 260 ## - PUBLICATION, DISTRIBUTION, ETC. | |
| Place of publication, distribution, etc. | Boston, |
| Name of publisher, distributor, etc. | Little, Brown, and company, |
| Date of publication, distribution, etc. | 1937. |
| 300 ## - PHYSICAL DESCRIPTION | |
| Extent | 4 p.l., [3]-354 p. |
| Dimensions | 22 cm. |
| 526 ## - STUDY PROGRAM INFORMATION NOTE | |
| Program name | 0 |
| Interest level | 0 |
| Reading level | 0 |
| Title point value | 82_300000000000000_MAR |
| 650 #0 - SUBJECT ADDED ENTRY--TOPICAL TERM | |
| Topical term or geographic name entry element | Inheritance and succession |
| 9 (RLIN) | 49924 |
| 650 #0 - SUBJECT ADDED ENTRY--TOPICAL TERM | |
| Topical term or geographic name entry element | Rich people |
| 9 (RLIN) | 28077 |
| 650 #0 - SUBJECT ADDED ENTRY--TOPICAL TERM | |
| Topical term or geographic name entry element | Socialites |
| 9 (RLIN) | 27075 |
| 650 #0 - SUBJECT ADDED ENTRY--TOPICAL TERM | |
| Topical term or geographic name entry element | Upper class families |
| 9 (RLIN) | 49925 |
| 942 ## - ADDED ENTRY ELEMENTS (KOHA) | |
| Source of classification or shelving scheme | |
| Koha item type | Book |
| Withdrawn status | Lost status | Source of classification or shelving scheme | Damaged status | Not for loan | Permanent Location | Current Location | Shelving location | Date acquired | Total Checkouts | Full call number | Barcode | Date last seen | Price effective from | Koha item type |
|---|---|---|---|---|---|---|---|---|---|---|---|---|---|---|
| Military College of Engineering (MCE) | Military College of Engineering (MCE) | 02/09/2015 | 82.3 MAR | MCE-MLC/12 | 02/09/2015 | 02/09/2015 | Book |
